000
00295nam a22001337a 4500
003
SGT
082
_a
340,CHE
100
_a
CHERUNILAM,F.
245
_a
BUSINESS ENVIROMENT TEXT & CASE
260
_a
NEW DELHI
_b
HARYANA
_c
`2011
300
_a
774
650
_a
BUSINESS ENVIROMENT
942
_2
ddc
_c
BK
999
_c
11099
_d
11099